000 01008nam a2200289 4500
003 DO-SdBPM
005 20260602103148.0
007 ta
008 161208b2000 sp ||| |||| 00| 0 spa d
020 _a8495456052
040 _aDO-SdBPM
_bspa
_cBPMSU
_erda
082 0 4 _a372.218
_bR155c 1999
_222
100 1 _aRaines, Shirley C.
_eautor
_4aut.
245 1 0 _aCómo contar cuentos a los niños :
_brelatos y actividades para estimular la creatividad e inculcar valores éticos /
_cShirley C. Raines, Rebecca Isbell
300 _a190 p. :
_bil. :
_c26 cm
490 0 _aEl Niño y su Mundo
534 _p
_t
650 7 _aConducta (Ética)
_xEnseñanza.
650 7 _aCuentos infantiles
_xEnseñanza.
650 7 _aEducación para la vida familiar
650 7 _aLibros y lectura para niños.
650 7 _a Narración de cuentos.
650 7 _aValores psicológicos
_xEnseñanza.
700 1 _aIsbell, Rebeca
_eautora
910 _aVMateo V. Control de calidad. BPMSU
942 _2ddc
_cBK
999 _c12373
_d12373